Marlon Brando Movies - Statistics

General Stats
  • This quiz has been taken 18 times
  • The average score is 6 of 8
Answer Stats
Hint Year Film % Correct
Vito Corleone 1972 The Godfather
100%
Col. Kurtz 1979 Apocalypse Now
94%
Coulda been a contenda 1954 On the Waterfront
89%
Jor-El; Krypton 1978 Superman
89%
Stelllaaaa!!! 1951 A Streetcar Named Desire
78%
NC-17; controversial film 1972 Last Tango in Paris
50%
Sinatra as Brando's co-star 1955 Guys and Dolls
33%
Brando's last film, the only film where he and De Niro appeared onscreen together 2001 The Score
33%
No matching quizzes found
Score Distribution
Percent of People with Each Score
Percentile by Number Answered
Your Score History
You have not taken this quiz